Datum a čas kvízu
26
Celkem bodů
Celkový počet nahraných bodů na tomto kvízu bez doplňovacích otázek.
7.
Pořadí na kvízu
Konečné umístění týmu na tomto kvízu.
Zaznamenané odpovědi
| # | Otázka | Odpověď | Body | Výsledky |
|---|---|---|---|---|
| 1. | Vláda ve středu večer slavnost... | začátek II. světové války – 1938 místo 1939 | 0 | |
| 2. | Minulý týden bylo rozhodnuto o... | Julian Assange | 0 | |
| 3. | Jedna z hlavních postav animov... | (Buzz) Rakeťák | 1 | |
| 4. | Společnost Apple následovala m... | Ulož.to | 0 | |
| 5. | 0:4 – to je nejhorší domácí po... | Maďarsko | 1 | |
| 6. | V následujících pěti otázkách... | Uprchlík; Harrison Ford, Tommy Lee Jones | 0.5 | |
| 7. | Francouzská komedie Drž hubu!... | Ruby, Quentin | 1 | |
| 8. | V roce 2013 byl natočen životo... | James Hunt, Niki Lauda | 0.5 | |
| 9. | Jak zní příjmení manželského p... | Márovi | 0 | |
| 10. | Jak se jmenují dva herečtí pře... | Jiří Macháček, Marek Taclík | 0 |